UNDERSTANDING ECONOMICS (Record no. 215893)

MARC details
000 -LEADER
fixed length control field 00497nam a22001817a 4500
008 - FIXED-LENGTH DATA ELEMENTS--GENERAL INFORMATION
fixed length control field 250714b |||||||| |||| 00| 0 eng d
020 ## - INTERNATIONAL STANDARD BOOK NUMBER
International Standard Book Number 978-1-111-97159-5
100 ## - MAIN ENTRY--PERSONAL NAME
Personal name SOBEL RUSSELL S.
245 ## - TITLE STATEMENT
Title UNDERSTANDING ECONOMICS
250 ## - EDITION STATEMENT
Edition statement 14TH ED.
260 ## - PUBLICATION, DISTRIBUTION, ETC.
Place of publication, distribution, etc. NEW YORK
Name of publisher, distributor, etc. CENGAGE
Date of publication, distribution, etc. 2013
300 ## - PHYSICAL DESCRIPTION
Extent XXVII,884P.
500 ## - GENERAL NOTE
General note INCLUDES AN INDEX
650 ## - SUBJECT ADDED ENTRY
Topical term or geographic name entry element ECONOMICS
700 ## - ADDED ENTRY--PERSONAL NAME
Personal name JAMES GWARTNEY D. RICHARD L. STROUP, DAVID A. MACPHERSON
942 ## - ADDED ENTRY ELEMENTS (KOHA)
Source of classification or shelving scheme Library of Congress Classification
Koha item type Long Loan Book
Holdings
Withdrawn status Lost status Source of classification or shelving scheme Damaged status Not for loan Collection Home library Current library Shelving location Date acquired Inventory number Total checkouts Full call number Barcode Date last seen Copy number Price effective from Koha item type
    Library of Congress Classification     Business & Economics Kisii University Library Kisii University Library On Display 07/14/2025 109098   HB 171.5 .U53 2013 000000019090 07/14/2025 C.1 07/14/2025 Long Loan Book
    Library of Congress Classification     Business & Economics Kisii University Library Kisii University Library On Display 07/14/2025 109099   HB 171.5 .U53 2013 000000018410 07/14/2025 C.2 07/14/2025 Long Loan Book
    Library of Congress Classification     Business & Economics Kisii University Library Kisii University Library On Display 02/26/2026 111785   HB 171.5 .U53 2013 A001004 02/26/2026 3 02/26/2026 Long Loan Book
    Library of Congress Classification     Business & Economics Kisii University Library Kisii University Library On Display 02/26/2026 111786   HB 171.5 .U53 2013 A000945 02/26/2026 4 02/26/2026 Long Loan Book
    Library of Congress Classification     Business & Economics Kisii University Library Kisii University Library On Display 02/26/2026 111787   HB 171.5 .U53 2013 A000946 02/26/2026 5 02/26/2026 Long Loan Book